| 000 | 01250nam a22002417a 4500 | ||
|---|---|---|---|
| 005 | 20110913152830.0 | ||
| 008 | 110913t xxu||||| |||| 00| 0 mar d | ||
| 010 | _aMAR-21362 | ||
| 020 |
_c150.00 _a9788177865783 |
||
| 035 | _aMR-14020 | ||
| 037 | _bDBAD/PUB | ||
| 040 |
_aDPL _bMR |
||
| 082 | _a158.1 | ||
| 100 |
_934729 _aहिल,नेपोलियन |
||
| 245 |
_aसक्सेस : _cनेपोलियन हिल ; चंद्रशेखर मुरगुडकर द्वारा अनुवादित _bद बेस्ट ऑफ नेपोलियन हिल / |
||
| 246 |
_aSucess : The Best Of Napoleon Hill _bby Napoleon Hill |
||
| 260 |
_aऔरंगाबाद _bसाकेत प्रकाशन _c2011 |
||
| 270 |
_bऔरंगाबाद _a115 म. गांधीनगर,स्टेशन रोड , _e431005 |
||
| 300 |
_a182पृ. _c21सेमी(अजिल्द) |
||
| 700 |
_aमुरगुडकर,चंद्रशेखर _934795 |
||
| 942 |
_2ddc _cMR _mहिलने _h158.1 |
||
| 999 |
_c56884 _d56884 |
||